|
|
|
|
| LEADER |
00000cam a2200000 a 4500 |
| 001 |
vtls011579650 |
| 003 |
SK-MaSNL |
| 005 |
20260301092755.0 |
| 008 |
200115s2014 xo a g 000 0 slo |
| 015 |
|
|
|a SNBA2017/06
|
| 020 |
|
|
|a 9788097175573 (viaz.)
|
| 035 |
|
|
|a urn:nbn:sk:snk-am00cx9i
|
| 035 |
|
|
|a urn:nbn:sk:snk-am3hmg4
|
| 035 |
|
|
|a AACF2873-EE70-4A27-8A08-4C6FDFD43D4D
|
| 040 |
|
|
|a SNK
|b slo
|c SNK
|e AACR2
|
| 041 |
0 |
|
|a slo
|
| 044 |
|
|
|a xo
|c SK
|
| 072 |
|
7 |
|a 13
|x Filozofia ducha. Metafyzika duchovného života
|2 konspekt
|
| 072 |
|
7 |
|a 2
|x Náboženstvo
|2 konspekt
|
| 080 |
|
|
|a 133.2
|2 2011
|
| 080 |
|
|
|a 2-584
|2 2011
|
| 080 |
|
|
|a 159.96
|2 2011
|
| 080 |
|
|
|a 615.852+615.851.8
|2 2011
|
| 080 |
|
|
|a (0:82-32)
|2 2011
|
| 100 |
1 |
|
|a Zimanová, Lea
|4 aut
|4 ill
|9 424105
|
| 245 |
1 |
0 |
|a Bola raz jedna víla a stále je
|c z rozprávania víly Ilúzie zapísala Lea Zimanová ; [ilustrácie Lea Zimanová a Armínka Renhardt]
|
| 250 |
|
|
|a 1. vyd.
|
| 260 |
|
|
|a [Hrnčiarové
|b Lea Zimanová]
|c 2014
|
| 300 |
|
|
|a 80 s.
|b ilustr.
|c 16 cm
|
| 500 |
|
|
|a Vydavateľské údaje podľa ISBN
|
| 500 |
|
|
|a Na tit. s. uvedený vydavateľ Duchovné centrum RIME DZONG
|
| 650 |
0 |
7 |
|a duchovná cesta
|2 SNKPH
|9 67470
|
| 650 |
0 |
7 |
|a Spiritual path
|2 SNKPHeng
|9 276105
|
| 650 |
0 |
7 |
|a channeling
|2 SNKPH
|9 85568
|
| 650 |
0 |
7 |
|a duchovné liečenie
|2 SNKPH
|9 69460
|
| 650 |
0 |
7 |
|a Spiritual healing
|2 SNKPHeng
|9 328448
|
| 655 |
|
7 |
|a príbehy
|2 SNKPH
|9 70507
|
| 655 |
|
7 |
|a Stories
|2 SNKPHeng
|9 265785
|
| 700 |
1 |
|
|a Renhardt, Armínka
|4 ill
|9 424106
|
| 919 |
|
|
|a 978-80-971755-7-3
|
| 958 |
|
|
|a MI
|
| 958 |
|
|
|a NT
|
| 999 |
|
|
|c 675035
|d 676965
|
| 952 |
|
|
|a SNK
|b SNK
|y PREZ
|7 0
|p 17A1258928
|o snkSD 86265
|i snk2017/11437
|8 0
|0 0
|1 0
|4 0
|d 2017-05-17
|f 1
|l 0
|r 2026-02-23 19:39:15
|w 2026-02-23
|
| 952 |
|
|
|a SNK
|b SNK
|y VYP
|7 0
|p 17A1258929
|o snkSD 86265 D1
|i snk2017/11438
|8 0
|0 0
|1 0
|4 0
|d 2017-05-17
|l 0
|r 2026-02-23 19:39:16
|w 2026-02-23
|